Текст томруулах:    
A Compendium of Chronicles (Бичлэгийн дугаар. 144523)
000 -УДИРДЛАГА
Удирдлага 02576nam a22003377a 4500
003 - ХЯНАЛТЫН ТОО ТОДОРХОЙЛОГЧ
Код MN-UlNUM
005 - БИЧИЛТ ХИЙСЭН ОГНОО
Тухайн бичилтийг бичсэн засварласан сүүлийн огноо 20251006161555.0
008 - ЕРӨНХИЙ МЭДЭЭЛЭЛ
Ерөнхий мэдээлэл 251002s1995 enkaf||b |||| 001 | engdd
020 ## - ISBN
ISBN 019727627X
040 ## - БИЧЛЭГ ҮҮСГЭГЧ БАЙГУУЛЛАГА
Бичлэг үүсгэгч номын сангийн код МУИС-ийн номын сан
084 ## - ББК АНГИЛАЛ
Нэмэлт тусгалт Нэг сэдэвт бүтээл
Мэдлэгийн ялгаа 85 - Урлаг
ББК ангилал 85
Зохиогчийн гурван тэмдэгт C 73
110 2# - ЭРХЛЭН ГАРГАСАН /БАЙГУУЛЛАГА/
Эрхлэн гаргасан байгууллага Nasser D. Khalili Collection of Islamic Art
240 ## - Шифр - Номын наалт, тайланд хэрэглэх
Ангилалын дугаар /Зохиогчийн 3 тэмдэгт 85 C 73
245 ## - ҮНДСЭН ГАРЧИГ
Номын нэр A Compendium of Chronicles
Бага гарчгийн мэдээ Rashid al-Din's Illustrated History of the World
Ботийн дугаар Vol. XXVII:
Ботийн нэр The Nasser D. Khalili Collection of Islamic Art
Оролцогчдын тухай мэдээ Editorial Board Nassar D.Khalili, J.M.Rogers, B.M. Robinson, Robert Skelton, Ralph Pinder-Wilson, Julian Raby, Tim Stanly, Nahla Nassar
-- General editor Julian Raby
-- by Sheila S. Blair
260 ## - ГАРАЛТЫН МЭДЭЭ
Хэвлэгдсэн он 1995
Хэвлэгдсэн газар London
Хэвлэлийн газар Nour Foundation in association with Azimuth Editions and Oxford University Press
300 ## - МАТЕРИАЛЫН ТОДОРХОЙЛОЛТ
хуудасны тоо 126+ 118
500 ## - Тайлбар
Дансны дугаар ГФ 20848
505 ## - Агуулгын тэмдэглэгээ
Агуулгын тэмдэглэгээ BL Contains full-colour reproductions of each folio after the manuscript's recent restoration. The Nasser D. Khalili Collection is the greatest collection of Islamic art in private hands. Among its holdings of outstanding manuscripts is a fragmentary copy in Arabic of the Jami al-Taw-ar-ikh or Universal History, without a doubt one of the greatest illustrated medieval manuscripts to have survived from either East or West. Written by the great historian and vizier to the Ilkhanid court, Rashid al-Din, and copied in Tabriz between 1310 and 1315 by the author's own calligraphers and illustrators, the manuscript's importance as the first world history was quickly recognized. Dr Blair reconstructs the often complex history of its ownership, explains its seminal role in the evolution of the illustrated Persian book, and challenges the belief of previous scholars that the Nour fragment and that in the Library of the University of Edinburgh are parts of different manuscripts. Her study of the manuscript's text and miniatures--accompanied by numerous colour details and duotone illustrations of comparative material--provides fascinating insights into the state of pre-Mongol painting and the working practices of a Persian atelier over six hundred years ago.
546 ## - ХЭЛНИЙ ТУХАЙ МЭДЭЭ
Хэл Англи хэл дээр,
653 ## - Түлхүүр үг
Түлхүүр үг art
653 ## - Түлхүүр үг
Түлхүүр үг Islamic art
653 ## - Түлхүүр үг
Түлхүүр үг manuscripts
740 ## - НОМЫН ГАРЧИГ
Гарчиг The Ilkhanid Reign: conquest, culture and vizier's career
740 ## - НОМЫН ГАРЧИГ
Гарчиг Reconstructing the Manuscript
740 ## - НОМЫН ГАРЧИГ
Гарчиг Transcribing the Text
740 ## - НОМЫН ГАРЧИГ
Гарчиг The Illustrations
740 ## - НОМЫН ГАРЧИГ
Гарчиг The impact of the Manucscript
942 ## - ЭЛЕМЕНТИЙН ТӨРӨЛ
Зүйлийн төрөл Ном